Zpráva o plnění státního rozpočtu za první pololetí 1993

Celkové výsledky štátneho rozpočtu ČR. Príjmy štátneho rozpočtu - daň z pridanej hodnoty a daň z obratu, spotrebné dane, clo, daň z príjmov právnických osôb, príspevky na sociálne zabezpečenie, ostatné daňové a nedaňové príjmy. Výdavky štátneho rozpočtu. Výsledky rozpočtového hospodárenia. Čerpanie...

Ausführliche Beschreibung

Gespeichert in:
Bibliographische Detailangaben
Format: Buchkapitel
Sprache:Tschechisch
Schlagworte:
Tags: Tag hinzufügen
Keine Tags, Fügen Sie das erste Tag hinzu!

MARC

LEADER 00000naa a2200000 4500
001 r017857
005 20221205075859.0
041 0 |a cze 
044 |a CZ 
245 1 0 |a Zpráva o plnění státního rozpočtu za první pololetí 1993 
520 |a Celkové výsledky štátneho rozpočtu ČR. Príjmy štátneho rozpočtu - daň z pridanej hodnoty a daň z obratu, spotrebné dane, clo, daň z príjmov právnických osôb, príspevky na sociálne zabezpečenie, ostatné daňové a nedaňové príjmy. Výdavky štátneho rozpočtu. Výsledky rozpočtového hospodárenia. Čerpanie rezerv štátneho rozpočtu. 
610 2 0 |a rozpočet štátny 
610 2 0 |a Česko 
610 2 0 |a 1993 
610 2 0 |a príjmy rozpočtu štátneho 
610 2 0 |a dane 
610 2 0 |a výdavky rozpočtu štátneho